| 000 | 00757nam a2200193 i 4500 | ||
|---|---|---|---|
| 001 | 154681 | ||
| 003 | ES-MaACL | ||
| 005 | 20230906205821.0 | ||
| 008 | 040715q18691875fr |||| | fre d | ||
| 040 |
_aCAM _bspa _cCAM |
||
| 100 | 1 |
_aGoschen, George Joachin. _9127487 |
|
| 245 | 1 | 0 |
_aThéorie des changes étrangers / _cpar George J. Goschen ; traduit et précédé d'una introduction par Léon Say. |
| 260 |
_aParis : _bGuillaumin et C., éditeurs, _c[s.a.] ( _fTyp. A. Parent) |
||
| 300 |
_aXXXIX, 151 p. ; _c23 cm. |
||
| 596 | _aLa 2ª ed. es de 1875. El ed. y el imp. ejercen ca. 1869-1875. | ||
| 650 | 0 | 4 |
_aCambio extranjero. _9135713 |
| 700 | 0 |
_aSay, Léon. _9104098 |
|
| 852 |
_aES-MaACL _jT-1284-F-11 _z-- Enc. hol., conservando la cub. original |
||
| 999 |
_c154681 _d154681 |
||